logo

Bir Sreshtho Munshi Abdur Rouf Library
Jhenaidah Cadet College

Shah Abdul Latif of Bhit : His History, Life and Times / (Record no. 9213)

MARC details
000 -LEADER
fixed length control field 00569nam a2200217 a 4500
001 - CONTROL NUMBER
JCCL Control Number 9213
003 - CONTROL NUMBER IDENTIFIER
JCCL marc code BD-JhCC
005 - DATE AND TIME OF LATEST TRANSACTION
control field 20180311102823.0
008 - FIXED-LENGTH DATA ELEMENTS--GENERAL INFORMATION
fixed length control field 180311s1966 e |||| || | 001 0 eng d
035 ## - SYSTEM CONTROL NUMBER
system control number (BD-JhCC)9213
040 ## - CATALOGING SOURCE
Original cataloging agency BD-JhCC
Modifying agency BD-JhCC
041 ## - LANGUAGE CODE
Language code of Book eng
082 ## - DEWEY DECIMAL CLASSIFICATION NUMBER
Classification number 923.1
Author mark and Year SOR 1966
100 ## - MAIN ENTRY--PERSONAL NAME
Personal name Sorley, H. T.
245 ## - TITLE STATEMENT
Title Shah Abdul Latif of Bhit : His History, Life and Times /
Statement of responsibility, etc H. T. Sorley,
260 ## - PUBLICATION, DISTRIBUTION, ETC. (IMPRINT)
Place of publication, distribution, etc London :
Name of publisher, distributor, etc Oxford University Press,
Date of publication, distribution, etc 1966
300 ## - PHYSICAL DESCRIPTION
Pagination 432 p. :
Dimensions 22 cm.
650 ## - SUBJECT ADDED ENTRY--TOPICAL TERM
Topical term or geographic name as entry element Biography
942 ## - ADDED ENTRY ELEMENTS (KOHA)
Source of classification or shelving scheme Dewey Decimal Classification
Koha item type Books
Holdings
Source of classification or shelving scheme Damaged status Not for loan Home library Current library Shelving location Date of accession Total Checkouts Full call number Barcode Date last seen Copy number Koha item type
Dewey Decimal Classification     JCC Rouf Library JCC Rouf Library General Stacks 03/11/2018   923.1 SOR 1966 12223 03/11/2018 C-1 Books

JCC Library | Contacts | JCC Home

Last Update on 23 September 2017
Copyright @ 2017-2020 JCC Rouf Library
Rouf Library, Jhenidah Cadet College (JCC), Bangladesh